Richard and Amy (KS4).

This series takes cameras into the classroom to reveal what's really going on, helping parents finallly find out what children do all day at school and why. The programme follows 15 year-old Amy and 15 year-old Richard in Key Stage 4. Richard's parents think he's coasting and not push...

Full description

Bibliographic Details
Corporate Author: Lambent Productions (Producer)
Format: Video
Language:English
Language Notes:This edition in English.
Published: [London] : Teachers TV/UK Dept. of Education, 2005.
Series:Education in video
What did you do at school today? ; 4
Subjects:
Online Access:Connect to this streaming video (Alexander Street Press)

MARC

Tag First Indicator Second Indicator Subfields
LEADER 00000cgm a2200000Ma 4500
001 in00005560813
006 m o c
007 vz |zazu|
008 120229s2005 enk030 o vleng d
005 20241201231319.2
035 |a (OCoLC)ocn815796744 
040 |a ALSTP  |b eng  |e pn  |c ALSTP  |d OCLCO  |d OCLCQ  |d OCLCF  |d OCLCQ  |d VZF  |d OCLCQ  |d OCLCO  |d OCLCQ  |d EZ9  |d MNI  |d INT  |d OCLCQ  |d WYU  |d OCLCQ  |d OCLCO  |d OCLCA  |d OCLCL 
019 |a 1112284586 
035 |a (OCoLC)815796744  |z (OCoLC)1112284586 
043 |a e-uk--- 
050 4 |a PN1200eb 
049 |a TXAM 
245 0 0 |a Richard and Amy (KS4). 
260 |a [London] :  |b Teachers TV/UK Dept. of Education,  |c 2005. 
300 |a 1 online resource (30 min.). 
336 |a two-dimensional moving image  |b tdi  |2 rdacontent 
337 |a computer  |b c  |2 rdamedia 
338 |a online resource  |b cr  |2 rdacarrier 
347 |a video file  |2 rda 
490 0 |a Education in video 
490 0 |a What did you do at school today? ;  |v 4 
500 |a Title from resource description page (viewed Mar. 5, 2012). 
520 |a This series takes cameras into the classroom to reveal what's really going on, helping parents finallly find out what children do all day at school and why. The programme follows 15 year-old Amy and 15 year-old Richard in Key Stage 4. Richard's parents think he's coasting and not pushing himself. Amy has a problem with literacy and with GCSEs coming up, her parents want to support her as well as they can. For the first time, their parents get to see their children interacting with friends, talking to teachers, listening, reading and learning at school, giving them fresh insight and helping them to change the way they help and support their children at home. Watching with the parents and helping them to understand what's going on is educational psychologist, Adam Abdelnoor. 
546 |a This edition in English. 
650 0 |a Education  |x Parent participation. 
650 0 |a Students  |z Great Britain. 
650 0 |a Students  |x Conduct of life. 
650 0 |a Underachievers  |x Education  |z Great Britain. 
650 0 |a Literacy  |x Study and teaching  |z Great Britain. 
650 0 |a Educational psychology. 
650 2 |a Psychology, Educational 
650 6 |a Éducation  |x Participation des parents. 
650 6 |a Élèves sous-performants  |x Éducation  |z Grande-Bretagne. 
650 6 |a Psychopédagogie. 
650 7 |a Education  |x Parent participation.  |2 fast  |0 (OCoLC)fst00902710 
650 7 |a Educational psychology.  |2 fast  |0 (OCoLC)fst00903571 
650 7 |a Literacy  |x Study and teaching.  |2 fast  |0 (OCoLC)fst00999888 
650 7 |a Students.  |2 fast  |0 (OCoLC)fst01136041 
650 7 |a Students  |x Conduct of life.  |2 fast  |0 (OCoLC)fst01136056 
650 7 |a Underachievers  |x Education.  |2 fast  |0 (OCoLC)fst01160870 
651 7 |a Great Britain.  |2 fast  |0 (OCoLC)fst01204623  |1 https://id.oclc.org/worldcat/entity/E39PBJdmp7p3cx8hpmJ8HvmTpP 
655 4 |a Alexander Street Video. 
655 7 |a Documentary television programs.  |2 fast  |0 (OCoLC)fst01710387 
655 7 |a Documentary television programs.  |2 lcgft 
655 7 |a Documentaires télévisés.  |2 rvmgf 
710 2 |a Lambent Productions.  |4 pro 
776 0 8 |i Print version:  |t Richard and Amy (KS4).  |d [London] : Teachers TV/UK Dept. of Education, 2005 publisher catalog number  |o C/0788/004 
856 4 0 |u http://proxy.library.tamu.edu/login?url=https://www.aspresolver.com/aspresolver.asp?AVN2;1780340  |z Connect to this streaming video (Alexander Street Press)  |t 0 
955 |a Alexander Street Press subscription streaming video 
994 |a 92  |b TXA 
999 f f |s acf535c1-e42f-4fc3-9012-63673f5c5c95  |i 1c2aeba0-89ed-4f39-a908-670e61d99c6a  |t 0 
952 f f |a Texas A&M University  |b College Station  |c Electronic Resources  |d Available Online  |t 0  |e PN1200eb   |h Library of Congress classification 
998 f f |a PN1200eb   |t 0  |l Available Online